LEADER 01053nam a2200253 i 4500 001 000000081826 003 CaOOAMICUS 005 20180627000000.0 008 180627s2001 it u000 u ita u 013 $a54066 020 $a88-7282-591-1 040 $aSeMil$bita 100 1 $aMariano, Daniel.$0(OLS)http://semarc/name/91789 245 10$aGesu e Maometto :$bè possibile il dialogo tra cristianesimo e Islam? /$cDaniel Mariano. 260 $aUdine :$bSegno,$c2001. 300 $a202 p. ;$c21 cm. 650 4$aCristianesimo e Islamismo.$0(OLS)http://semarc/subject/6971 650 4$aGesù Cristo e Maometto.$0(OLS)http://semarc/subject/18512 850 $aSeMil 852 $aSeMil$W1$xVenegono$y1$m2R VII 88$j47009$B47009$CSeMilBibl$Z2$F49425 $81 961 $aLascito: Villa mons. Luigi 996 $6020$a88-7282-591-1$9(OLS)http://semarc/number/271224 996 $6245$aGesu e Maometto :$bè possibile il dialogo tra cristianesimo e Islam?$9(OLS)http://semarc/title/404770 996 $6260$aUdine :$bSegno$9(OLS)http://semarc/publisher/32104 LEADER 00526nab a2200145 i 4500 001 000000310078 003 CaOOAMICUS 005 20180831173007.0 008 180831n xx uu u0 0und r 013 $a19172 040 $aSeMil$bita 100 1 $aValerga, Pietro.$0(OLS)http://semarc/name/88210 245 10$aUso che Antonio Rosmini fa dei testi e della tradizione filosofica. 773 0 $t[Luglio-Dicembre].$g67-73$w()273974 996 $6245$aUso che Antonio Rosmini fa dei testi e della tradizione filosofica$9(OLS)http://semarc/title/385006